Slang Words Quiz - Statistics

General Stats
  • This quiz has been taken 93 times
  • The average score is 8 of 15
Answer Stats
Hint Answer % Correct
Lol Laugh Out Loud
99%
Omg Oh my god
95%
Tbh To be honest
74%
Wbu What about you
74%
Sup What's up
74%
Rofl Rolling on the floor laughing
66%
Rn Right now
62%
Bruh Brother
58%
Bae Baby
57%
Fro Yo Frozen Yogurt
45%
Gosh God
43%
Nm Not Much
41%
Yo You
26%
Baller Basketball player
22%
Cwd Comment when done
7%
No matching quizzes found
Score Distribution
Percent of People with Each Score
Percentile by Number Answered
Your Score History
You have not taken this quiz